000 00272nam a2200097Ia 4500
082 _a617.6 WRAY
245 0 _aUnderstanding your teeth & mouth
100 _a WRAY, Alyson Poole, Dorset, 2003
_996611
942 _cBK
008 210817s9999 xx 000 0 und d
999 _c406574
_d406573